000 00570nam a2200193 a 4500
001 000016482
005 20200929164923.0
008 100305s1973 dr ac 000 0 spa d
040 _aDO-SdBNP
_bspa
_cBNPHU
082 _axxx
_bP328m
100 1 _aPaulino, Aliro
_935311
245 1 0 _aMi padre :
_bbiografĂ­a de un maestro.
246 _aMi padre :
_bapuntes para la biografĂ­a de un maestro
260 _aSanto Domingo :
_bNivar,
_c1973.
300 _a152 p. :
_bil., retr. ;
_c29 cm.
490 1 _aCultura Popular
830 0 _aCultura Popular
_935196
049 _aBNPD
999 _c16017
_d16017